The new wave of terrorism

Bibliográfiai részletek
Szerző: Sipos Krisztina
További közreműködők: Szilagyi Dr. Judit
Dokumentumtípus: Diplomadolgozat
Kulcsszavak:Terrorizmus
Európa
Európai Unió
Média
Populizmus
Terrorizmus elhárítás
Online Access:http://dolgozattar.uni-bge.hu/10036

MARC

LEADER 00000nta a2200000 i 4500
001 dolg10036
005 20221011084409.0
008 170426suuuu hu om 000 eng d
040 |a BGE Dolgozattár Repozitórium  |b hun 
041 |a en 
100 1 |a Sipos Krisztina 
245 1 4 |a The new wave of terrorism  |c Sipos Krisztina  |h [elektronikus dokumentum] 
246 1 1 |a A terrorizmus új hulláma 
246 1 1 |a The new wave of terrorism 
695 |a Terrorizmus 
695 |a Európa 
695 |a Európai Unió 
695 |a Média 
695 |a Populizmus 
695 |a Terrorizmus elhárítás 
700 1 |a Szilagyi Dr. Judit  |e ths 
856 4 0 |u http://dolgozattar.uni-bge.hu/10036/1/KrisztinaSipos_masterthesis.pdf  |z Dokumentum-elérés 
856 4 0 |u http://dolgozattar.uni-bge.hu/10036/7/Sipos%20Krisztina_Nyilatkozat%20nyilv%C3%A1noss%C3%A1%20t%C3%A9telr%C5%91l%20BGE%20Dolgozatt%C3%A1r.pdf  |z Dokumentum-elérés